Morfología de plantulas de bejucos del bosque nublado del estado de Mérida (Registro nro. 4896)

Detalles MARC
000 -CABECERA
Campo de control 00656nam a2200217 a 4500
005 - FECHA Y HORA DE LA ULTIMA TRANSACCION
Campo de control 20160218104941.0
008 - ELEMENTOS DE LONGITUD FIJA—INFORMACION GENERAL
Campo de control 140317t1987 xxua gr|||| 00| 0 spa d
040 ## - FUENTE DE CATALOGACIÓN
Agencia catalogadora original CO-BoIAVH
Agencia transcriptora CO-BoIAVH
041 ## - IDIOMA
Código de idioma para texto/pista de sonido o título separado Español
082 04 - NUMERO DE CLASIFICACION DECIMAL DEWEY
Número de clasificación 571.32
Número del ítem R48m
100 1# - ASIENTO PRINCIPAL--NOMBRE PERSONAL
Nombre personal Ricardi S., Mario
245 1# - MENCION DE TITULO
Título Morfología de plantulas de bejucos del bosque nublado del estado de Mérida
260 ## - PUBLICACION, DISTRIBUCION, ETC. (PIE DE IMPRENTA)
Lugar de publicación, distribución, etc. Mérida
Nombre del editor, distribuidor, etc. Universidad de los Andes
Fecha de publicación, distribución, etc. 1987
300 ## - DESCRIPCION FISICA
Extensión 122 paginas.
Otros detalles físicos ilustraciones
650 #4 - ASIENTO SECUNDARIO DE MATERIA - TERMINO TEMATICO
Término temático o nombre geográfico como elemento de entrada Bejucos
650 #4 - ASIENTO SECUNDARIO DE MATERIA - TERMINO TEMATICO
Término temático o nombre geográfico como elemento de entrada Lianas
700 1# - ASIENTO SECUNDARIO - NOMBRE PERSONAL
Nombre personal Adamo M., Giuseppe
700 1# - ASIENTO SECUNDARIO - NOMBRE PERSONAL
Nombre personal Hernández, Clemente
942 ## - ELEMENTOS ADICIONALES (KOHA)
Tipo de ítem Libro
Sistema de clasificación Dewey Decimal Classification
945 ## - PROCESAMIENTO LOCAL
AAAA-MM-DD - Fecha de ingreso o modificacion 2005-12-01
Existencias
Withdrawn status Lost status Sistema de Clasificación Damaged status No para préstamo Colección Inventariado Ubicación Permanente Ubicación actual Fecha de adquisición Fuente de Valor Valor Total Checkouts Número topográfico Inventario / Código de Barras Date last seen Ejemplar Price effective from Forma de adquisición Tipo de material
    Dewey Decimal Classification     General Inventariado 2017 Bogotá Bogotá 01/12/2005 Instituto 50000.00   LB-571.32 R48m 022469 04/12/2012 Ej. 1 04/12/2012   Libro